banner-ar

الاثار الاسالمية والقبطية فى محافظة القليوبية / (Record no. 59769)

MARC details
000 -الفاتح
حقل البيانات ثابتة الطول 00892nam a22002297a 4500
005 - وقت وتاريخ اخر تعامل مع التسجيلة
رقم الضبط 20240530110335.0
008 - عناصر البيانات ثابتة الطول - معلومات عامة
حقل البيانات ثابتة الطول 140906s2007 ua o gr 000 0 ara d
017 ## - رقم الايداع القانونى
رقم الايداع القانونى 23872/2007
المصدر ( الهيئة المختصة) القاهرة : دار الكتب المصرية
020 ## - الرقم الدولى المعيارى للكتب
الرقم الدولى المعيارى للكتاب 9774375246
040 ## - مصدر الفهرسة
وكالة الفهرسة الأصلية EG-CaGPL
082 04 - رقم تصنيف ديوى العشرى
رقم الطبعة 21
رقم التصنيف 916.218
رقم المادة ق/م أ
110 ## - المدخل الرئيسى - إسم هيئة
اسم الهيئة أو اسم السلطة كمدخل محافظة القليوبية
245 12 - بيان العنوان
العنوان الاثار الاسالمية والقبطية فى محافظة القليوبية /
بيان المسئوليه,etc محافظة القليوبية
250 ## - بيان الطبعة
بيان الطبعة ط1
260 ## - PUBLICATION, DISTRIBUTION, ETC. (IMPRINT)
تاريخ النشر أو التوزيع 2007
300 ## - الوصف المادى
التعداد 143 ص ،
تفاصيل ماديه اخرى للوعاء صور لو ؛
أبعاد الوعاء 24 سم
650 07 - المدخل الاضافى بالموضوع-مصطلح موضوعى
مصطلح موضوعي الاثار الاسلامية
650 07 - المدخل الاضافى بالموضوع-مصطلح موضوعى
مصطلح موضوعي الاثار القبطية
651 07 - المدخل الاضافى بالموضوع - اسم جغرافى
الاسم الجغرافي القليوبية
التقسيم الفرعي العام الاثار الاسلامية
651 07 - المدخل الاضافى بالموضوع - اسم جغرافى
الاسم الجغرافي القليوبية
التقسيم الفرعي العام الاثار القبطية
942 ## - عناصر المدخل الإضافي( كوها)
مصدر التصنيف او مخطط الترفيف Dewey Decimal Classification
Koha [default] item type كتاب
260 ## - PUBLICATION, DISTRIBUTION, ETC. (IMPRINT)
-- القاهرة :
-- المجلس الاعلى للاثار ،
Holdings
حالة التراجع حالة الفقد حالة تلف ليس للاعارة المكان المؤقت الموقع الحالى تاريخ الاكتساب اجمالي اﻻعارات رقم الطلب الباركود تاريخ اخر مشاهدة تاريخ تفعيل السعر نوع وعاء كوها
        مكتبة القاهرة الكبرى مكتبة القاهرة الكبرى 09/06/2014   916.218 ق/م أ 158689 09/06/2014 09/06/2014 كتاب

Powered By

EGPV